=LDR 00000nam 2200000 4500 =001 INLIS000000000029459 =005 20130612131707 =008 ***********************************Ind** =035 ##$$0010-061300000029459 =041 ##$$a Ind =082 ##$$a 576 =090 ##$$a 576, Win b =100 ##$$a Winarno, FG =245 ##$$a Biofermentasi dan Biosintesa protein, FG. Winarno =260 ##$$a 1979 $b Bandung =300 ##$$a 98 hlm, ilus, 22 cm =650 ##$$a Biofermentasi =850 ##$$a NBPNMAT